Politica económica y exclusión social (Registro nro. 6577)

Detalles MARC
000 -LEADER
fixed length control field 00807 a2200205 4500
001 - CONTROL NUMBER
control field 59024
005 - DATE AND TIME OF LATEST TRANSACTION
control field 20260407155845.0
008 - FIXED-LENGTH DATA ELEMENTS--GENERAL INFORMATION
fixed length control field 260407a1998 arg spa d
003 - CONTROL NUMBER IDENTIFIER
control field AR-UNSa-BCEJYS
040 ## - CATALOGING SOURCE
Original cataloging agency AR-UNSa-BCEJYS
Language of cataloging spa
Transcribing agency AR-UNSa-BCEJYS
080 ## - UNIVERSAL DECIMAL CLASSIFICATION NUMBER
Universal Decimal Classification number 338.2
Common auxiliary subdivision Política económica. Control de la economía. Gestión de la economía. Planificación económica
020 ## - INTERNATIONAL STANDARD BOOK NUMBER
International Standard Book Number 950-537-446-1
100 1# - MAIN ENTRY--PERSONAL NAME
Personal name Cuello, Raúl E.
245 10 - TITLE STATEMENT
Title Politica económica y exclusión social
264 #1 - PRODUCTION, PUBLICATION, DISTRIBUTION, MANUFACTURE, AND COPYRIGHT NOTICE
Place of production, publication, distribution, manufacture Buenos Aires :
Name of producer, publisher, distributor, manufacturer Macchi Grupo Editor
Date of production, publication, distribution, manufacture, or copyright notice 1998
300 ## - PHYSICAL DESCRIPTION
Extent 221 p.
Dimensions 22 cm.
505 ## - FORMATTED CONTENTS NOTE
Formatted contents note 1. Moral y economía - 2. Economía e ideología - 3. Estado y gobierno - 4. El modelo - 5. La convertibilidad - 6. La distribución regresiva - 7. El desempleo
590 ## - LOCAL NOTE (RLIN)
Local note niveau_biblio:m niveau_hierar:0
942 ## - ADDED ENTRY ELEMENTS (KOHA)
Koha item type
Existencias
Withdrawn status Lost status Damaged status Not for loan Home library Current library Shelving location Date acquired Total checkouts Full call number Barcode Date last seen Price effective from Koha item type
        Biblioteca Prof. Eusebio Cleto del Rey Biblioteca Prof. Eusebio Cleto del Rey   07/04/2026   338.2 C965 L86718 07/04/2026 07/04/2026 Libro